Sports Quiz

Random Sports or Basketball Quiz

Oak Hill Academy Quiz Stats

 Plays Quiz not verified by Sporcle

Score 0/15 Timer 05:00
0 Plays Today
Career NBA Points Player % Correct
12936Carmelo Anthony
80%
6674Josh Smith
60%
1408Brandon Jennings
38.9%
16112Jerry Stackhouse
34.7%
3475Rajon Rondo
33.7%
11070Stephen Jackson
29.5%
1128Marcus Williams
25.3%
624Ty Lawson
25.3%
Career NBA Points Player % Correct
1125DeSagana Diop
17.9%
5892Ron Mercer
15.8%
5396Jeff McInnis
13.7%
14463Rod Strickland
11.6%
3816Steve Blake
11.6%
4941Mark Blount
7.4%
1677Cory Alexander
5.3%

You're not logged in!

Compare scores with friends on all Sporcle quizzes.
OR
Log In

Sporcle TV

Today on Sporcle TV


Watch our educational content, quiz creation guides, and fun videos on Sporcle TV.

Show Comments

Extras

Top Quizzes Today


Score Distribution

Your Account Isn't Verified!

In order to create a playlist on Sporcle, you need to verify the email address you used during registration. Go to your Sporcle Settings to finish the process.

Report this User

Report this user for behavior that violates our Community Guidelines.

Details: